India infrastructure report 2006: (Record no. 8208)

MARC details
000 -LEADER
fixed length control field 00498 a2200157 4500
010 ## - LCCN (DPL NO)
LC control number ENG-88348
020 ## - INTERNATIONAL STANDARD BOOK NUMBER
Terms of availability 475.00
International Standard Book Number 0195678745
035 ## - SYSTEM CONTROL NUMBER
System control number EN-71881
037 ## - SOURCE OF ACQUISITION
Source of stock number/acquisition DBAD / PUB
082 00 - DEWEY DECIMAL CLASSIFICATION NUMBER
Classification number 338.954
245 10 - TITLE STATEMENT
Title India infrastructure report 2006:
Remainder of title Urban infrastructure/
260 ## - PUBLICATION, DISTRIBUTION, ETC. (IMPRINT)
Place of publication, distribution, etc New Delhi
Name of publisher, distributor, etc Oxford University Press
Date of publication, distribution, etc 2006
270 ## - ADDRESS
City New Delhi
Postal code 110 001
Address YMCA Library Building, Jai Singh Road
300 ## - PHYSICAL DESCRIPTION
Extent xix, 257p.
Dimensions 28cm (pbk)
942 ## - ADDED ENTRY ELEMENTS (KOHA)
Institution code [OBSOLETE] dpl
Item type English Books
Source of classification or shelving scheme Dewey Decimal Classification
Classification part 338.954
Call number suffix IND
Holdings
Withdrawn status Lost status Not for loan Collection code Home library Current library Source of acquisition Cost, normal purchase price Full call number Barcode Copy number Cost, replacement price Koha item type
    Not For Loan Non-fiction D.B.Act.Division D.B.Act.Division DBAD/PUB 475.00 338.954 IND EN-71881 1 475.00 English Books

© Delhi Public Library
Hit Counter
free hit counter